Movies Quiz

Random Movies or Oscar Quiz

Click A Movie, Initially - Best Picture Winners III Quiz Stats

 Plays Quiz Updated Jan 23, 2018

Score 0/20 Timer 05:00
7 Plays Today
% Correct
Gladiator
90.7%
Argo
84.4%
Patton
84.1%
Annie Hall
82.8%
Dances With Wolves
81.7%
Ben-Hur
77.6%
The Last Emperor
73.3%
The Deer Hunter
71.5%
All Quiet On The Western Front
71%
Out Of Africa
70.3%
% Correct
The Artist
70.2%
The Sting
69.3%
On The Waterfront
68.9%
In The Heat Of The Night
68.4%
Crash
67.7%
Unforgiven
63.1%
Ordinary People
60.8%
From Here To Eternity
58.7%
All About Eve
56.1%
A Man For All Seasons
51.1%

You're not logged in!

Compare scores with friends on all Sporcle quizzes.
OR
Log In

You Might Also Like...

Show Comments

Extras

Top Quizzes Today


Score Distribution

Your Account Isn't Verified!

In order to create a playlist on Sporcle, you need to verify the email address you used during registration. Go to your Sporcle Settings to finish the process.

Report this User

Report this user for behavior that violates our Community Guidelines.

Details: